| 000 | 00535nam a2200181Ia 4500 | ||
|---|---|---|---|
| 001 | 58152 | ||
| 008 | 141210n ii |||gr||||Z||||||465 | ||
| 020 | _a81-7888-609-X | ||
| 082 | _a596 | ||
| 100 |
_aPuri, _eRaghavendra. |
||
| 245 | 0 |
_aA Textbook of Comparative Anatomy of Vertebrates _cRaghavendra Puri _hTextual Documents |
|
| 250 | _aIst ed-2009. | ||
| 260 |
_aNew Delhi: _bDominant Publishers and Distributors. |
||
| 300 |
_a298p: _c21p. |
||
| 653 | _aComparative Anatomy - Vertebrates | ||
| 653 | _aDept -Zoo | ||
| 942 |
_2ddc _cBK |
||
| 999 |
_c58051 _d58051 |
||